Ekonomická výkonnost v České republice
Vývoj ekonomickej výkonnosti v Českej republike. Súčasné obdobie ekonomického rastu. Vývoj zahraničného obchodu ČR. Vývoj spotreby domácností. Príspevky k rastu HDP v Českej republike a vo vybraných európskych krajinách. Vývoj odvetvovej štruktúry.
Uložené v:
| Hlavný autor: | |
|---|---|
| Médium: | Kapitola |
| Jazyk: | Czech |
| Predmet: | |
| Tagy: |
Žiadne tagy, Buďte prvý, kto otaguje tento záznam!
|
MARC
| LEADER | 00000naa a2200000 4500 | ||
|---|---|---|---|
| 001 | r047251 | ||
| 005 | 20230929093134.9 | ||
| 041 | 0 | |a cze | |
| 044 | |a CZ | ||
| 245 | 1 | 0 | |a Ekonomická výkonnost v České republice |c Josef Pešta |
| 520 | |a Vývoj ekonomickej výkonnosti v Českej republike. Súčasné obdobie ekonomického rastu. Vývoj zahraničného obchodu ČR. Vývoj spotreby domácností. Príspevky k rastu HDP v Českej republike a vo vybraných európskych krajinách. Vývoj odvetvovej štruktúry. | ||
| 610 | 2 | 0 | |a vývoj hospodársky |
| 610 | 2 | 0 | |a rast hospodársky |
| 610 | 2 | 0 | |a Česko |
| 610 | 2 | 0 | |a obchod zahraničný |
| 610 | 2 | 0 | |a výkonnosť |
| 610 | 2 | 0 | |a SVE |
| 100 | 1 | |a Pešta, Josef | |